| 000 | 00979nam a2200229 a 4500 | ||
|---|---|---|---|
| 001 | 000231509 | ||
| 003 | AM-YeHGA | ||
| 005 | 20250617124554.0 | ||
| 008 | 030527s1991 ||| r 000 0 rus d | ||
| 020 | _a5212005930 | ||
| 040 | _aAM-YeHGA | ||
| 100 | 1 |
_aКазанова, Джакомо _d1725-1803. |
|
| 245 | 1 | 0 |
_aМемуары / _cДжованни Джакомо Казанова; Пер. с фр. М. А. Петровского, С.В. Ширвинского; Казанова / Стефан Цвейг; Пер. П.С. Бернштейн. |
| 260 |
_aМосква : _bКнига, _c1991. |
||
| 300 | _a302 с. | ||
| 504 | _aОсновная лит. о Дж. Казанове: с. 226 | ||
| 653 | 0 | _aЗападная Европа, 18 в. (х. л.) | |
| 700 | 1 |
_aЦвейг, Стефан _d1881-1942 |
|
| 700 | 1 |
_aПетровский, М.А. _eпер. _4trl |
|
| 777 | 0 | 8 | _tКазанова / Стефан Цвейг ; Пер. П.С. Бернштейн |
| 090 | _c82876 | ||
| 999 |
_c81608 _d81608 |
||